| 000 -CABECERA |
| campo de control de longitud fija |
01003nam a2200241 4500 |
| 005 - FECHA Y HORA DE LA ÚLTIMA TRANSACCIÓN |
| campo de control |
20211111164939.0 |
| 008 - DATOS DE LONGITUD FIJA--INFORMACIÓN GENERAL |
| campo de control de longitud fija |
211111s1981 us |||fr|||| 001 0 eng d |
| 020 ## - NÚMERO INTERNACIONAL ESTÁNDAR DEL LIBRO |
| ISBN |
0883120844 |
| 040 ## - FUENTE DE LA CATALOGACIÓN |
| Centro catalogador/agencia de origen |
CENDOC CAAAP |
| Lengua de catalogación |
spa |
| Centro/agencia transcriptor |
CAAAP |
| 041 ## - CÓDIGO DE LENGUA |
| Código de lengua del texto/banda sonora o título independiente |
eng |
| 050 ## - SIGNATURA TOPOGRÁFICA DE LA BIBLIOTECA DEL CONGRESO |
| Número de clasificación |
PM 5716 |
| Número de documento/Ítem |
.P32 1981 |
| 100 1# - ENTRADA PRINCIPAL--NOMBRE DE PERSONA |
| 9 (RLIN) |
4390 |
| Nombre personal |
Payne, David L. |
| 245 14 - MENCIÓN DE TÍTULO |
| Título |
The phonology and morphology of axininca campa / |
| Mención de responsabilidad, etc. |
David L. Payne |
| 250 ## - MENCIÓN DE EDICIÓN |
| Mención de edición |
1ra ed. |
| 260 ## - PUBLICACIÓN, DISTRIBUCIÓN, ETC. |
| Lugar de publicación, distribución, etc. |
Dallas: |
| Nombre del editor, distribuidor, etc. |
Summer Institute of Linguistics, |
| Fecha de publicación, distribución, etc. |
1981 |
| 300 ## - DESCRIPCIÓN FÍSICA |
| Extensión |
285 p. |
| 490 ## - MENCIÓN DE SERIE |
| Mención de serie |
(Publications in Linguistics ; |
| Volumen |
66) |
| 505 ## - NOTA DE CONTENIDO CON FORMATO |
| Nota de contenido con formato |
Contiene : Introduction - Mosphology -- Phonological structure -- Prefix mosphophpnemics -- Epenthesis and related processes -- Palatization and related processes -- Additional phonological rules -- Rule order --Surface representation --Summary and concluding remarks -- Texts --Paradigms --Table of Contents. |
| 650 10 - PUNTO DE ACCESO ADICIONAL DE MATERIA--TÉRMINO DE MATERIA |
| 9 (RLIN) |
4363 |
| Término de materia o nombre geográfico como elemento de entrada |
Fonética |
| 650 20 - PUNTO DE ACCESO ADICIONAL DE MATERIA--TÉRMINO DE MATERIA |
| 9 (RLIN) |
4358 |
| Término de materia o nombre geográfico como elemento de entrada |
Gramática |
| 650 20 - PUNTO DE ACCESO ADICIONAL DE MATERIA--TÉRMINO DE MATERIA |
| 9 (RLIN) |
4391 |
| Término de materia o nombre geográfico como elemento de entrada |
Morfología |
| 942 ## - ELEMENTOS PERSONALIZADOS KOHA |
| Fuente del sistema de clasificación o colocación |
|
| Fecha de catalogación |
11 - 11 - 21 |
| Tipo de ítem Koha |
Libros |